000 00322nam a22001337a 4500
008 170731b xxu||||| |||| 00| 0 eng d
020 _a0442276435
041 _aeng
080 _a004
100 _a32
101 _aSHK
245 _aMINI-AND MICROCOMPUTER CONTROL IN INDUSTRIAL PROCESSES
_cSKROKOV,M.R
942 _2udc
_cBK
999 _c22304
_d22304